00674nam a22002057a 450000500170000001000150001702000260003203500140005803700090007208200090008110000250009024500340011525000060014926000340015527000700018930000200025994200200027999900190029995201500031820260601114633.0 aENG-148662 a9789347590450c175.00 aEN-132194 bDBAD aS21 aIbsen, Henrik989242 aA Doll's House/cHenrik Ibsen a1 aChandigarhbThe Browserc2026 bChandigarhaSCO 14-15, Sector 8-Ce160009mservice@thebrowser.org a116p.c21cm(pb) 2ddccENhSmIBS c216426d216426 001040708FICaTNbTNd2026-06-01eDelivery of Books Act Divisiong175.00l0oS IBSpEN-132194r2026-06-01 11:47:25t 1v175.00w2026-06-01yEN